[Event "38th ECC Open 2023"]
[Site "Durres ALB"]
[Date "2023.10.03"]
[Round "3.10"]
[Board "6"]
[White "Wenzel, Birger"]
[Black "Guliyev, Namig"]
[Result "0-1"]
[WhiteTitle "CM"]
[BlackTitle "GM"]
[WhiteElo "2013"]
[BlackElo "2531"]
[WhiteTeam "Wasa SK"]
[BlackTeam "C' Chartres Echecs"]
[WhiteFideId "4657497"]
[BlackFideId "13400363"]
[EventDate "2023.10.01"]

1. d4 d5 2. c4 dxc4 3. Nf3 Nf6 4. e3 e6 5. Bxc4 a6 6. O-O Nbd7 7. b3 Bd6 8. Bb2
Qe7 9. Nbd2 O-O 10. Bd3 e5 11. dxe5 Nxe5 12. Nxe5 Bxe5 13. Bxe5 Qxe5 14. Nc4 Qe7
15. Qc2 Be6 16. e4 Bxc4 17. Qxc4 Rad8 18. Rae1 Qd6 19. Be2 Qe5 20. Bf3 Rd4 21.
Qc2 Rfd8 22. Rd1 g5 23. g3 c5 24. Bg2 Rxd1 25. Rxd1 Rxd1+ 26. Qxd1 b5 27. Qc1 g4
28. Qd1 Kg7 29. Qe2 h5 30. f4 gxf3 31. Bxf3 c4 32. bxc4 Qd4+ 33. Qf2 Qxc4 34. e5
Nd7 35. Bxh5 Nxe5 36. Bd1 a5 37. Bb3 Qe4 38. Bd1 Nd3 39. Qe2 Qxe2 40. Bxe2 Nc1
41. Bxb5 Nxa2 42. Kf2 Nc3 43. Bc4 a4 44. Kf3 a3 45. Kf4 a2 46. Bxa2 Nxa2 47. g4
Nc3 48. Kf5 Nd5 49. h3 Ne7+ 50. Ke5 f6+ 51. Ke6 Ng6 52. Kf5 Kf7 53. g5 Ne7+ 54.
Kf4 f5 55. h4 Kg6 56. Ke5 Nc6+ 57. Kd5 Kh5 0-1

[Event "38th ECC Open 2023"]
[Site "Durres ALB"]
[Date "2023.10.03"]
[Round "3.11"]
[Board "2"]
[White "Dalaud, Dorian"]
[Black "Rodshtein, Maxim"]
[Result "1/2-1/2"]
[WhiteTitle "FM"]
[BlackTitle "GM"]
[WhiteElo "2317"]
[BlackElo "2584"]
[WhiteTeam "Aix-en-Provence"]
[BlackTeam "Rishon Lezion A"]
[WhiteFideId "36093270"]
[BlackFideId "2806851"]
[EventDate "2023.10.01"]

1. e4 c5 2. Nf3 d6 3. Bb5+ Nd7 4. d4 cxd4 5. Qxd4 e5 6. Qd3 a6 7. Bxd7+ Qxd7 8.
Nc3 Qc6 9. Nd5 Nf6 10. O-O Be7 11. Nxe7 Kxe7 12. Bg5 h6 13. Bxf6+ gxf6 14. Nh4
Rg8 15. h3 Be6 16. Rfd1 Rg5 17. Kh2 Rd8 18. Rd2 Qc5 19. Rad1 b5 20. a4 Rd7 21.
axb5 axb5 22. Qf3 b4 23. Ra1 Ra7 24. Rdd1 Rd7 25. Ra8 d5 26. exd5 Rxd5 27. Rda1
Qc4 28. R1a7+ Rd7 29. Qe3 Rh5 30. Nf3 Rf5 31. Qxh6 Qf4+ 32. Qxf4 Rxf4 33. c3 Bd5
34. Rxd7+ Kxd7 35. Ra7+ Ke6 36. Ra6+ Kf5 37. Kg3 bxc3 38. bxc3 Bxf3 39. gxf3 Rc4
40. Ra3 Kg5 41. Rb3 f5 42. Kg2 Rc8 43. Kg3 Rc4 44. Kg2 Rc8 45. Kg3 1/2-1/2

[Event "38th ECC Open 2023"]
[Site "Durres ALB"]
[Date "2023.10.03"]
[Round "3.11"]
[Board "3"]
[White "Zanan, Evgeny"]
[Black "Govciyan, Pavel"]
[Result "1/2-1/2"]
[WhiteTitle "GM"]
[BlackTitle "IM"]
[WhiteElo "2465"]
[BlackElo "2440"]
[WhiteTeam "Rishon Lezion A"]
[BlackTeam "Aix-en-Provence"]
[WhiteFideId "24101940"]
[BlackFideId "621838"]
[EventDate "2023.10.01"]

1. e4 e5 2. Nf3 Nc6 3. Bb5 a6 4. Ba4 Nge7 5. c3 d6 6. d4 Bd7 7. d5 Nb8 8. c4 b5
9. cxb5 axb5 10. Bc2 Ng6 11. Nc3 Be7 12. h3 O-O 13. O-O Na6 14. Be3 Qe8 15. Rc1
f5 16. exf5 Bxf5 17. Bxf5 Rxf5 18. Ne4 h6 19. a3 Bd8 20. Re1 b4 21. a4 b3 22.
Rc4 Nb8 23. Nh2 Rf8 24. Qxb3 Nd7 25. Qd1 Qf7 26. b3 Ne7 27. Nc3 Rb8 28. a5 Ra8
29. b4 Nf6 30. Ng4 Nfxd5 31. Bxh6 c5 32. bxc5 Bxa5 33. cxd6 Nxc3 34. Qc2 Ned5
35. Nxe5 Qf5 36. Qxf5 Rxf5 37. Bd2 Bb6 38. Ng4 Nb5 39. d7 Rd8 40. Re8+ Rf8 41.
Rxf8+ Rxf8 42. Bg5 Nd6 43. Rc6 Nf7 44. Bd2 Nd8 45. Rd6 Rf5 46. Ne3 Bxe3 47. fxe3
Ne7 48. e4 Re5 49. Bc3 Rxe4 50. Ba5 Nec6 51. Rxc6 Nxc6 1/2-1/2

[Event "38th ECC Open 2023"]
[Site "Durres ALB"]
[Date "2023.10.03"]
[Round "3.11"]
[Board "4"]
[White "Benmesbah, Natacha"]
[Black "Bronstein, Or"]
[Result "1-0"]
[WhiteTitle "WIM"]
[BlackTitle "IM"]
[WhiteElo "2267"]
[BlackElo "2433"]
[WhiteTeam "Aix-en-Provence"]
[BlackTeam "Rishon Lezion A"]
[WhiteFideId "642002"]
[BlackFideId "2815770"]
[EventDate "2023.10.01"]

1. e4 e6 2. d4 d5 3. Nc3 Nf6 4. Bg5 Bb4 5. exd5 Qxd5 6. Bxf6 Bxc3+ 7. bxc3 gxf6
8. Qd2 Nc6 9. Nf3 Rg8 10. Qf4 Qa5 11. Qe3 b6 12. Nd2 Bb7 13. Nb3 Qa3 14. d5 Ne5
15. Bb5+ Ke7 16. dxe6 Rxg2 17. exf7 Kxf7 18. Qh3 Rd8 19. Qxh7+ Rg7 20. Qh5+ Kg8
21. f4 Nf3+ 22. Kf2 Bd5 23. Rhd1 Nd2 24. Rxd2 Rg2+ 25. Kf1 c6 26. Rxg2+ 1-0

[Event "38th ECC Open 2023"]
[Site "Durres ALB"]
[Date "2023.10.03"]
[Round "3.11"]
[Board "5"]
[White "Sokolovsky, Yahli"]
[Black "Mayans Calvo, Mariano"]
[Result "1-0"]
[WhiteTitle "IM"]
[WhiteElo "2447"]
[BlackElo "2236"]
[WhiteTeam "Rishon Lezion A"]
[BlackTeam "Aix-en-Provence"]
[WhiteFideId "2820242"]
[BlackFideId "2251426"]
[EventDate "2023.10.01"]

1. e4 e6 2. d4 d5 3. e5 c5 4. c3 Qb6 5. Nf3 Bd7 6. Bd3 cxd4 7. O-O Bb5 8. Bxb5+
Qxb5 9. cxd4 Qd7 10. Nc3 Nc6 11. a3 Nge7 12. Ne2 Ng6 13. h4 h5 14. Qd3 Be7 15.
g3 a6 16. Bd2 Na7 17. Rfc1 Qb5 18. Qe3 Rc8 19. Rxc8+ Nxc8 20. Rc1 Nb6 21. Bb4
Nc4 22. Qc3 O-O 23. Rc2 a5 24. Bxe7 Nxe7 25. a4 Qa6 26. Ng5 g6 27. b3 Nb6 28.
Qd2 Nf5 29. Rc5 Nd7 30. Rc7 Nb8 31. Nc3 Qb6 32. Nb5 Nc6 33. Nf3 Na7 34. Rc5 Nc6
35. Rc1 Qd8 36. Qf4 Qd7 37. Kg2 Kg7 38. Rh1 Qe7 39. Ng5 Rh8 40. Rd1 Rd8 41. Rd3
Rd7 42. f3 Qb4 43. Kf2 Qe7 44. g4 Nh6 45. gxh5 Nf5 46. Nd6 Nxd6 47. exd6 Qf8 48.
h6+ Kg8 49. h7+ Kh8 50. Nxe6 1-0

[Event "38th ECC Open 2023"]
[Site "Durres ALB"]
[Date "2023.10.03"]
[Round "3.11"]
[Board "6"]
[White "Durand-Benmoussa, Roman"]
[Black "Veinberg, Nimrod"]
[Result "0-1"]
[BlackTitle "IM"]
[WhiteElo "1922"]
[BlackElo "2402"]
[WhiteTeam "Aix-en-Provence"]
[BlackTeam "Rishon Lezion A"]
[WhiteFideId "45196915"]
[BlackFideId "2810280"]
[EventDate "2023.10.01"]

1. e4 e5 2. Nf3 Nc6 3. Nc3 Nf6 4. d4 exd4 5. Nxd4 Bb4 6. Nxc6 bxc6 7. Bd3 O-O 8.
O-O d5 9. Bd2 Rb8 10. Re1 Re8 11. h3 h6 12. a3 Bxc3 13. Bxc3 dxe4 14. Bxf6 Qxf6
15. Rxe4 Rxe4 16. Bxe4 Rxb2 17. Qd3 Be6 18. Rd1 g6 19. Bxc6 Rb6 20. Qf3 Kg7 21.
Be4 c5 22. Qe3 c4 23. Qc5 Ra6 24. Bb7 Rb6 25. Be4 Qg5 26. Qc7 Ra6 27. Ra1 Qf6
28. Ra2 Qc3 29. f3 Qe1+ 30. Kh2 c3 31. Bd3 Ra4 32. Qc6 Rd4 33. Qc5 Rxd3 0-1

[Event "38th ECC Open 2023"]
[Site "Durres ALB"]
[Date "2023.10.03"]
[Round "3.12"]
[Board "1"]
[White "Smeets, Jan"]
[Black "Vocaturo, Daniele"]
[Result "0-1"]
[WhiteTitle "GM"]
[BlackTitle "GM"]
[WhiteElo "2548"]
[BlackElo "2625"]
[WhiteTeam "LSG Leiden"]
[BlackTeam "Obiettivo Risarcimento Padova"]
[WhiteFideId "1007246"]
[BlackFideId "813192"]
[EventDate "2023.10.01"]

1. e4 c5 2. Nf3 d6 3. Bb5+ Bd7 4. Bxd7+ Nxd7 5. O-O e6 6. Qe2 Be7 7. b3 Rc8 8.
Bb2 Bf6 9. c3 Ne7 10. d4 Ng6 11. g3 O-O 12. Na3 d5 13. e5 Be7 14. h4 cxd4 15.
cxd4 f5 16. Rac1 Nb8 17. Qb5 Rc7 18. Rxc7 Qxc7 19. Rc1 Nc6 20. Nc2 f4 21. Nce1
fxg3 22. fxg3 a6 23. Qe2 Qa5 24. Bc3 Bb4 25. Ba1 Bxe1 26. Nxe1 Nge7 27. Nf3 Nf5
28. Kg2 Qa3 29. Qd2 Qe7 30. Bc3 Qf7 31. g4 Nh6 32. Ng5 Qe8 33. Qd3 g6 34. Kg3
Nf7 35. Nh3 Qe7 36. Bd2 Qa3 37. Nf4 Nb4 38. Bxb4 Qxc1 39. Bxf8 Qg1+ 40. Kf3 Qh1+
41. Kf2 Qh2+ 42. Ng2 Kxf8 43. Qc3 Ke8 44. Qc7 Qh3 45. Qxb7 Qxg4 46. Qb8+ Nd8 47.
Qa7 h5 48. a4 g5 49. hxg5 h4 50. Ne3 Qxg5 51. Qxa6 h3 52. Qf1 h2 53. Qh1 Qf4+
54. Ke2 Nc6 55. Nf1 Nxd4+ 56. Ke1 Nf3+ 57. Ke2 Qxe5+ 0-1

[Event "38th ECC Open 2023"]
[Site "Durres ALB"]
[Date "2023.10.03"]
[Round "3.12"]
[Board "2"]
[White "Dvirnyy, Danyyil"]
[Black "Van Haastert, Edwin"]
[Result "0-1"]
[WhiteTitle "GM"]
[BlackTitle "IM"]
[WhiteElo "2500"]
[BlackElo "2427"]
[WhiteTeam "Obiettivo Risarcimento Padova"]
[BlackTeam "LSG Leiden"]
[WhiteFideId "817570"]
[BlackFideId "1003992"]
[EventDate "2023.10.01"]

1. e4 e6 2. d4 d5 3. Nc3 Nf6 4. Bg5 dxe4 5. Nxe4 Be7 6. Nxf6+ Bxf6 7. Bxf6 Qxf6
8. Nf3 O-O 9. Qd3 c5 10. O-O-O Rd8 11. Qe4 Nc6 12. Bd3 Qh6+ 13. Kb1 cxd4 14. Bb5
Bd7 15. Nxd4 f5 16. Qe3 Nxd4 17. Bxd7 Rxd7 18. Rxd4 Qxe3 19. fxe3 Rad8 20. Rhd1
Rxd4 21. exd4 e5 22. d5 b5 23. a4 a6 24. axb5 axb5 25. Ka2 Kf7 26. Kb3 Ke7 27.
Kb4 Kd6 28. Ra1 Rc8 29. c3 Kxd5 30. Ra7 g5 31. Rxh7 g4 32. Rd7+ Ke4 33. b3 Rh8
34. Kxb5 Rxh2 35. Rd1 f4 36. c4 Rxg2 37. Rc1 f3 38. c5 Rh2 0-1

[Event "38th ECC Open 2023"]
[Site "Durres ALB"]
[Date "2023.10.03"]
[Round "3.12"]
[Board "3"]
[White "De Jong, Jan-Willem"]
[Black "Carnicelli, Valerio"]
[Result "0-1"]
[WhiteTitle "IM"]
[BlackTitle "FM"]
[WhiteElo "2412"]
[BlackElo "2403"]
[WhiteTeam "LSG Leiden"]
[BlackTeam "Obiettivo Risarcimento Padova"]
[WhiteFideId "1008641"]
[BlackFideId "856185"]
[EventDate "2023.10.01"]

1. c4 Nf6 2. Nc3 g6 3. Nf3 Bg7 4. g3 O-O 5. Bg2 d6 6. d4 Nbd7 7. O-O e5 8. e4
exd4 9. Nxd4 Re8 10. h3 Nc5 11. Re1 h6 12. Rb1 a5 13. Ndb5 Bf8 14. b3 c6 15. Nd4
Bg7 16. a3 Nh7 17. b4 axb4 18. axb4 Ne6 19. Nxe6 Bxe6 20. Qd3 Ng5 21. h4 Nh3+
22. Bxh3 Bxh3 23. Bb2 Bg4 24. f3 Be6 25. Ne2 Ra2 26. Bxg7 Kxg7 27. Nc1 Ra4 28.
Rd1 Qf6 29. Qd4 Rea8 30. Kf2 Ra1 31. Rxa1 Rxa1 32. Ke3 Rb1 33. c5 Qxd4+ 0-1

[Event "38th ECC Open 2023"]
[Site "Durres ALB"]
[Date "2023.10.03"]
[Round "3.12"]
[Board "4"]
[White "Boraso, Alessio"]
[Black "Van der Werf, Mark"]
[Result "1/2-1/2"]
[WhiteTitle "FM"]
[BlackTitle "IM"]
[WhiteElo "2258"]
[BlackElo "2399"]
[WhiteTeam "Obiettivo Risarcimento Padova"]
[BlackTeam "LSG Leiden"]
[WhiteFideId "848077"]
[BlackFideId "1000470"]
[EventDate "2023.10.01"]

1. e4 e5 2. Bc4 Nf6 3. d3 Bc5 4. Nc3 c6 5. Nf3 d6 6. h3 b5 7. Bb3 a5 8. a4 b4 9.
Ne2 Bb6 10. Ng3 O-O 11. O-O Nbd7 12. c3 d5 13. Re1 Re8 14. Bg5 h6 15. Bxf6 Nxf6
16. exd5 Nxd5 17. Rxe5 Be6 18. Qd2 bxc3 19. bxc3 Bc7 20. Ree1 Bxg3 21. Bxd5
Bxf2+ 22. Qxf2 Qxd5 23. Qd4 Red8 24. Qxd5 Bxd5 25. d4 Bxf3 26. gxf3 c5 27. Rad1
cxd4 28. cxd4 Rab8 29. Re5 Rb4 30. Rxa5 Rbxd4 31. Rxd4 Rxd4 32. Kf2 g5 33. Ra6
Kg7 34. Kg3 f6 35. Ra8 h5 36. Rb8 Rxa4 37. Rb2 Kg6 38. Rc2 Ra1 39. Rb2 Rd1 40.
Ra2 Kf5 41. Ra5+ Kg6 42. Ra2 Rd5 43. Rb2 Ra5 44. Rc2 Ra3 45. Rb2 h4+ 46. Kf2 Ra4
47. Rc2 Kf5 48. Rd2 Ke5 49. Re2+ Kd5 50. Rd2+ Rd4 51. Ra2 Ke5 52. Ke3 Rd1 53.
Ra5+ Ke6 54. Kf2 Rd2+ 55. Kg1 Rd5 56. Ra2 Ke5 57. Kf2 Rd4 58. Ke3 Rd5 59. Rb2
Ra5 60. Rc2 Ra3+ 61. Kf2 Kd4 62. Rd2+ Rd3 63. Ra2 Ke5 1/2-1/2

[Event "38th ECC Open 2023"]
[Site "Durres ALB"]
[Date "2023.10.03"]
[Round "3.12"]
[Board "5"]
[White "Bosman, Michiel"]
[Black "Massironi, Marco"]
[Result "0-1"]
[WhiteTitle "IM"]
[WhiteElo "2366"]
[BlackElo "2144"]
[WhiteTeam "LSG Leiden"]
[BlackTeam "Obiettivo Risarcimento Padova"]
[WhiteFideId "1000721"]
[BlackFideId "814369"]
[EventDate "2023.10.01"]

1. d4 Nf6 2. c4 g6 3. Nc3 d5 4. cxd5 Nxd5 5. e4 Nxc3 6. bxc3 Bg7 7. Nf3 c5 8.
Bb5+ Nc6 9. Rb1 cxd4 10. cxd4 O-O 11. d5 Ne5 12. Nxe5 Bxe5 13. O-O a6 14. Be2 b5
15. Bh6 Re8 16. a4 e6 17. f4 Bc3 18. d6 e5 19. Bg5 Qd7 20. fxe5 Bxe5 21. Be7
Rxe7 22. dxe7 Qxe7 23. Bf3 Be6 24. axb5 axb5 25. Qd2 Ra2 26. Qh6 Bd4+ 27. Kh1
Bg7 28. Qf4 Bc4 29. Rfd1 Be5 30. Qh6 Bg7 31. Qe3 Be5 32. Qb6 Bc7 33. Qg1 Qe5 34.
Re1 Bd6 35. h3 Be6 36. Re2 Ra3 37. Rf2 b4 38. Rfb2 Bxh3 39. Rxb4 Bxb4 40. Rxb4
Ra1 41. Rb1 Bxg2+ 42. Kxg2 Qg5+ 0-1

[Event "38th ECC Open 2023"]
[Site "Durres ALB"]
[Date "2023.10.03"]
[Round "3.12"]
[Board "6"]
[White "Quaranta, Cristiano"]
[Black "Willemze, Thomas"]
[Result "0-1"]
[BlackTitle "IM"]
[WhiteElo "2079"]
[BlackElo "2351"]
[WhiteTeam "Obiettivo Risarcimento Padova"]
[BlackTeam "LSG Leiden"]
[WhiteFideId "815810"]
[BlackFideId "1007238"]
[EventDate "2023.10.01"]

1. Nf3 d5 2. g3 Nc6 3. d4 Bf5 4. Bg2 e6 5. O-O Be7 6. c4 Nf6 7. Nc3 O-O 8. Ne5
Nb4 9. a3 Nc6 10. h3 Nxe5 11. dxe5 Ne4 12. cxd5 Nxc3 13. bxc3 exd5 14. Qb3 Rb8
15. Rd1 Qc8 16. g4 Be6 17. Bxd5 Rd8 18. Be3 Rxd5 19. Rxd5 c6 20. c4 cxd5 21.
cxd5 Bxg4 22. Rc1 Qf5 23. hxg4 Qxg4+ 24. Kf1 Qh5 25. f4 g5 26. d6 Qh3+ 27. Kf2
Qh4+ 28. Kf3 Bd8 29. Rg1 Qh3+ 30. Kf2 g4 31. Rg2 Rc8 32. Qxb7 Bh4+ 33. Kf1 Qh1+
34. Rg1 Qxb7 35. Rxg4+ Kf8 36. Rxh4 Rc3 37. Bd4 Rc1+ 38. Kf2 Qe4 0-1

[Event "38th ECC Open 2023"]
[Site "Durres ALB"]
[Date "2023.10.03"]
[Round "3.13"]
[Board "1"]
[White "Kucuksari, Kaan"]
[Black "Hove, Esben Kjems"]
[Result "1-0"]
[WhiteTitle "IM"]
[BlackTitle "FM"]
[WhiteElo "2493"]
[BlackElo "2312"]
[WhiteTeam "Lunds ASK"]
[BlackTeam "Skakklubben Nordkalotten"]
[WhiteFideId "6380166"]
[BlackFideId "1401505"]
[EventDate "2023.10.01"]

1. d4 d5 2. c4 c6 3. Nf3 Nf6 4. e3 Bf5 5. Nc3 e6 6. Nh4 Bg6 7. Nxg6 hxg6 8. Bd2
Nbd7 9. Qc2 Be7 10. cxd5 cxd5 11. Qb3 Qb6 12. Qxb6 Nxb6 13. Bb5+ Nbd7 14. a4 a6
15. Bd3 O-O 16. h4 Rfd8 17. f3 e5 18. g4 exd4 19. exd4 Nf8 20. Kf2 Ne6 21. Ne2
Bd6 22. h5 gxh5 23. gxh5 Kf8 24. Bf5 Ke7 25. Rae1 Rh8 26. Nc3 Bb4 27. Re5 Rac8
28. Rhe1 Bxc3 29. bxc3 Rc6 30. Bg5 Rd8 31. c4 Rxc4 32. Bxe6 fxe6 33. Rxe6+ Kf7
34. Re7+ Kf8 35. h6 1-0

[Event "38th ECC Open 2023"]
[Site "Durres ALB"]
[Date "2023.10.03"]
[Round "3.13"]
[Board "2"]
[White "Kristensen, Kaare Hove"]
[Black "Pantzar, Milton"]
[Result "1/2-1/2"]
[WhiteTitle "IM"]
[BlackTitle "IM"]
[WhiteElo "2258"]
[BlackElo "2453"]
[WhiteTeam "Skakklubben Nordkalotten"]
[BlackTeam "Lunds ASK"]
[WhiteFideId "1400940"]
[BlackFideId "1721003"]
[EventDate "2023.10.01"]

1. e4 e5 2. Nf3 d6 3. d4 exd4 4. Nxd4 Nf6 5. Nc3 Be7 6. Bf4 O-O 7. Qd2 Nc6 8.
O-O-O Nxd4 9. Qxd4 Be6 10. Nd5 Bxd5 11. exd5 Nd7 12. Bd3 Nc5 13. Rhe1 Bf6 14.
Qe3 Qd7 15. Kb1 Qa4 16. Qc1 Rfe8 17. Rxe8+ Rxe8 18. Be3 g6 19. g3 Qa5 20. Qd2
Qa4 21. c3 Nxd3 22. Qxd3 a6 23. Bd4 Bxd4 24. Qxd4 Qd7 25. a3 Qh3 26. Ka1 Qxh2
27. Qa7 Re2 28. Qb8+ Kg7 29. Qxc7 Qxf2 30. Qxd6 Rxb2 31. Qe5+ Kf8 32. Qb8+ Kg7
33. Qe5+ Kf8 34. Qb8+ Kg7 1/2-1/2

[Event "38th ECC Open 2023"]
[Site "Durres ALB"]
[Date "2023.10.03"]
[Round "3.13"]
[Board "3"]
[White "Storme, Isak"]
[Black "Nielsen, Lars Aaes"]
[Result "1-0"]
[WhiteTitle "IM"]
[BlackTitle "FM"]
[WhiteElo "2443"]
[BlackElo "2189"]
[WhiteTeam "Lunds ASK"]
[BlackTeam "Skakklubben Nordkalotten"]
[WhiteFideId "1728113"]
[BlackFideId "1401726"]
[EventDate "2023.10.01"]

1. d4 e6 2. c4 d5 3. Nf3 Nf6 4. g3 Be7 5. Bg2 dxc4 6. Qa4+ Nbd7 7. O-O O-O 8.
Qxc4 a6 9. Qc2 c5 10. Rd1 Qb6 11. Nc3 cxd4 12. Na4 Qa7 13. Nxd4 Kh8 14. h3 Nb6
15. Nf5 exf5 16. Be3 Nfd7 17. Nxb6 Nxb6 18. Qc7 Bf6 19. Bxb6 Qb8 20. Rac1 Qxc7
21. Rxc7 Be6 22. b3 Rad8 23. Rxd8 Rxd8 24. Rxb7 Rd1+ 25. Kh2 g5 26. Ra7 Rd2 27.
Rxa6 Rxe2 28. Bc5 Kg7 29. Ra8 Rc2 30. Be3 f4 31. gxf4 gxf4 32. Bb6 Bh4 33. Be4
Re2 34. Bf3 Rd2 35. Kg2 Rd3 36. Ra4 Bg5 37. Rd4 Rc3 38. h4 Bf6 39. Rxf4 Rc2 40.
Ra4 Bd7 41. Ra7 Be6 42. h5 h6 43. Be3 Bg5 44. Bd4+ Bf6 45. Bxf6+ Kxf6 46. Ra5
Rd2 47. Kg3 Kg7 48. Bg4 Bd5 49. Kf4 f5 1-0

[Event "38th ECC Open 2023"]
[Site "Durres ALB"]
[Date "2023.10.03"]
[Round "3.13"]
[Board "4"]
[White "Jakobsen, Peter"]
[Black "Smith, Axel"]
[Result "0-1"]
[WhiteTitle "FM"]
[BlackTitle "GM"]
[WhiteElo "2185"]
[BlackElo "2412"]
[WhiteTeam "Skakklubben Nordkalotten"]
[BlackTeam "Lunds ASK"]
[WhiteFideId "1401440"]
[BlackFideId "1707930"]
[EventDate "2023.10.01"]

1. d4 f5 2. Nf3 Nf6 3. g3 g6 4. Bg2 Bg7 5. O-O O-O 6. c4 d6 7. Nc3 Qe8 8. d5 Na6
9. Rb1 c6 10. dxc6 bxc6 11. b3 Bd7 12. Bb2 Rd8 13. e3 h6 14. Qe2 e5 15. Rfd1 e4
16. Ne1 Qe7 17. Rd2 c5 18. Nd5 Nxd5 19. Rxd5 Be6 20. Rdd1 Nc7 21. Bxg7 Qxg7 22.
Qc2 d5 23. cxd5 Nxd5 24. Rbc1 Rc8 25. Bf1 Nb6 26. Ba6 Rc7 27. Qb1 Qe5 28. Qa1
Qxa1 29. Rxa1 Kf7 30. Rac1 Ke7 31. Nc2 Nd5 32. Rd2 Rd8 33. Na3 Nb4 34. Rxd8 Kxd8
35. Bc4 Nxa2 36. Ra1 Bxc4 37. bxc4 Nc3 38. Kf1 Rb7 39. Nb5 Nxb5 40. cxb5 Kc7 41.
Ra6 Rxb5 42. Rxa7+ Rb7 43. Ra6 Rb6 44. Ra7+ Kc6 45. h4 Kb5 46. Ke2 Rd6 47. g4 c4
48. gxf5 gxf5 49. Rf7 Rd5 50. Rb7+ Kc5 51. Rh7 c3 52. Rxh6 c2 53. Rh8 Kb4 54.
Rb8+ Ka3 55. Ra8+ Kb2 56. Rb8+ Kc1 57. h5 Rd2+ 58. Ke1 Rd1+ 59. Ke2 Rh1 60. Rb5
Rxh5 61. Ke1 Rh1+ 62. Ke2 Rg1 63. Rb4 Rd1 64. Rb5 Rd3 65. Ke1 Ra3 66. Ke2 Ra2
67. Rb4 Rb2 0-1

[Event "38th ECC Open 2023"]
[Site "Durres ALB"]
[Date "2023.10.03"]
[Round "3.13"]
[Board "5"]
[White "Ahlander, Bjorn"]
[Black "Ejsing, Esben"]
[Result "1-0"]
[WhiteTitle "IM"]
[WhiteElo "2400"]
[BlackElo "2106"]
[WhiteTeam "Lunds ASK"]
[BlackTeam "Skakklubben Nordkalotten"]
[WhiteFideId "1700251"]
[BlackFideId "1418572"]
[EventDate "2023.10.01"]

1. d4 Nf6 2. Nf3 e6 3. g3 b5 4. Bg2 Bb7 5. O-O Be7 6. Re1 d5 7. Qd3 b4 8. Qb5+
Bc6 9. Qa5 Bb7 10. Bd2 Nc6 11. Qb5 a6 12. Qd3 O-O 13. Bf4 a5 14. Nbd2 Nh5 15. c4
Nxf4 16. gxf4 g6 17. Rac1 a4 18. e3 Na5 19. Ne5 Kg7 20. Red1 f6 21. Nef3 c6 22.
Qc2 h6 23. cxd5 exd5 24. Bh3 Bc8 25. Bxc8 Qxc8 26. Kh1 Qh3 27. Rg1 g5 28. Rg3
Qe6 29. h4 b3 30. axb3 axb3 31. Qd3 Rh8 32. Kg2 Rag8 33. Rh1 Nc4 34. Qxb3 g4 35.
Nxc4 dxc4 36. Qc2 h5 37. Rc1 Rb8 38. f5 Qf7 39. Nd2 Qd5+ 40. Kg1 Rb5 41. Nxc4
Qxf5 42. e4 Qf4 43. Ne3 Rhb8 44. b3 Rxb3 45. Nf5+ Kf8 46. Rxb3 Rxb3 47. Qxb3
Qxc1+ 48. Kg2 Qf4 49. Qe6 Qf3+ 50. Kg1 Bd8 51. Qd6+ Ke8 52. Qxc6+ Kf8 53. Qd7
Qd1+ 54. Kh2 g3+ 55. Kg2 1-0

[Event "38th ECC Open 2023"]
[Site "Durres ALB"]
[Date "2023.10.03"]
[Round "3.13"]
[Board "6"]
[White "Noer, Martin Stampe"]
[Black "Petersson, Kjell"]
[Result "0-1"]
[BlackTitle "CM"]
[WhiteElo "1841"]
[BlackElo "2040"]
[WhiteTeam "Skakklubben Nordkalotten"]
[BlackTeam "Lunds ASK"]
[WhiteFideId "1412221"]
[BlackFideId "1705148"]
[EventDate "2023.10.01"]

1. d4 f5 2. Bg5 h6 3. Bh4 g5 4. e3 Bg7 5. Bg3 c5 6. c3 d5 7. Nf3 Nc6 8. h4 g4 9.
Ne5 Nxe5 10. Bxe5 Bxe5 11. dxe5 e6 12. f4 Qa5 13. Na3 a6 14. Be2 h5 15. Qd2 Ne7
16. Kf2 Bd7 17. g3 Kf7 18. Rhd1 Rhd8 19. Bd3 Rac8 20. Rac1 Ba4 21. Bc2 Bb5 22.
Bd3 Bxd3 23. Qxd3 Qa4 24. Qc2 Qc6 25. Qe2 Qa4 26. Qc2 Qe4 27. Qxe4 fxe4 28. Rd2
Nf5 29. Rcd1 d4 30. Nc4 b5 31. Nd6+ Rxd6 32. exd6 dxe3+ 33. Ke2 exd2 34. Kxd2
Rd8 35. Ke2 Rxd6 36. Rxd6 Nxd6 37. Ke3 Kf6 38. b3 Nf5+ 39. Kxe4 Nxg3+ 40. Ke3
Nf5+ 0-1

[Event "38th ECC Open 2023"]
[Site "Durres ALB"]
[Date "2023.10.03"]
[Round "3.23"]
[Board "1"]
[White "Nijboer, Friso"]
[Black "Baskin, Robert"]
[Result "1-0"]
[WhiteTitle "GM"]
[BlackTitle "IM"]
[WhiteElo "2463"]
[BlackElo "2451"]
[WhiteTeam "Kennemer Combinatie"]
[BlackTeam "CE Gambit Bonnevoie"]
[WhiteFideId "1000063"]
[BlackFideId "24662402"]
[EventDate "2023.10.01"]

1. e4 c5 2. Nf3 d6 3. d4 cxd4 4. Nxd4 Nf6 5. Nc3 Nc6 6. Bg5 e6 7. Qd2 a6 8.
O-O-O Bd7 9. Kb1 Nxd4 10. Qxd4 Be7 11. f3 Qc7 12. Qd2 b5 13. g4 h5 14. gxh5 Nxh5
15. h4 Bf6 16. Ne2 Rc8 17. c3 Ke7 18. Bh3 Bxg5 19. hxg5 e5 20. Bg4 g6 21. Bxh5
Rxh5 22. Rxh5 gxh5 23. Ng3 h4 24. Nf5+ Bxf5 25. exf5 Qc6 26. f4 h3 27. fxe5 Qe4+
28. Ka1 d5 29. g6 Qxf5 30. Qxd5 fxg6 31. Qd6+ Kf7 32. e6+ Kg8 33. Qd7 Rf8 34. e7 1-0

[Event "38th ECC Open 2023"]
[Site "Durres ALB"]
[Date "2023.10.04"]
[Round "4.1"]
[Board "1"]
[White "Mamedyarov, Shakhriyar"]
[Black "Rapport, Richard"]
[Result "1/2-1/2"]
[WhiteTitle "GM"]
[BlackTitle "GM"]
[WhiteElo "2734"]
[BlackElo "2752"]
[WhiteTeam "Schachclub Viernheim 1934 e.V."]
[BlackTeam "Superchess"]
[WhiteFideId "13401319"]
[BlackFideId "738590"]
[EventDate "2023.10.01"]

1. d4 d5 2. Nf3 Nf6 3. Bg5 Ne4 4. Bh4 Nc6 5. c4 dxc4 6. e3 Qd5 7. Nfd2 Nxd2 8.
Nc3 Qf5 9. Qxd2 e5 10. O-O-O exd4 11. exd4 Bd6 12. Bg3 O-O 13. Bxc4 Qa5 14. Rhe1
Bf5 15. a3 Rae8 16. Rxe8 Rxe8 17. Bxd6 cxd6 18. h3 Bg6 19. f4 Kf8 20. g4 f5 21.
Ba2 a6 22. Qd3 Ne7 23. Rf1 d5 24. Kb1 Bf7 25. gxf5 Qb6 26. Re1 Nxf5 27. Rxe8+
Kxe8 28. Bxd5 Bg6 29. Ka2 Qxd4 30. Qxd4 Nxd4 31. Bxb7 a5 32. Nb5 Bf7+ 33. b3
Bxb3+ 34. Kb2 Nxb5 35. Kxb3 Kf7 36. Ka4 Nxa3 37. Kxa3 Kf6 38. Be4 g5 39. f5 h5
40. Bf3 Kxf5 41. Bxh5 Kf6 42. Ka4 Kg7 43. Kxa5 Kf6 44. Kb5 Kg7 45. Kc5 Kf6 46.
Kd6 Kg7 47. Ke7 Kg8 48. Kf6 Kh8 49. Kf7 Kh7 50. Bg4 Kh8 51. Bf5 g4 52. hxg4 1/2-1/2